Tleskač /
Uloženo v:
| Hlavní autor: | |
|---|---|
| Další autoři: | , |
| Médium: | E-audiokniha |
| Jazyk: | Czech |
| Vydáno: |
Praha :
Albatros,
2025
|
| Témata: | |
| Tagy: |
Žádné tagy |
| LEADER | 05773nim a2201441 i 4500 | ||
|---|---|---|---|
| 001 | 313477 | ||
| 003 | CZ PrSKC | ||
| 005 | 20260601215743.0 | ||
| 007 | sd fungnnmmned | ||
| 008 | 251006s2025 xr nnnnc f n cze | ||
| 015 | |a cnb003711536 | ||
| 020 | |a 9788000079486 : |c Kč 399,00 | ||
| 040 | |a ABA001 |b cze |e rda | ||
| 072 | 7 | |a 821.162.3-3 |x Česká próza |2 Konspekt | |
| 072 | 7 | |a 821-93 |x Literatura pro děti a mládež (beletrie) |2 Konspekt | |
| 080 | |a 821.162.3-31 |2 MRF | ||
| 080 | |a (0:82-311.3) |2 MRF | ||
| 080 | |a (086.7.053.2) |2 MRF | ||
| 080 | |a (086.7)08 |2 MRF | ||
| 080 | |a (086.76) |2 MRF | ||
| 100 | 1 | |a Žák, David Jan, |d 1971- |7 jn19981002501 |4 aut | |
| 245 | 1 | 0 | |a Tleskač / |c David Jan Žák |
| 264 | 1 | |a Praha : |b Albatros, |c 2025 | |
| 300 | |a 1 audiodisk (8 hod., 25 min.) ; |c 12 cm | ||
| 306 | |a 082500 | ||
| 336 | |a mluvené slovo |b spw |2 rdacontent | ||
| 337 | |a audio |b s |2 rdamedia | ||
| 338 | |a audiodisk |b sd |2 rdacarrier | ||
| 344 | |a digital |b optical |2 rda | ||
| 347 | |a audio soubor |b MP3 |2 rda | ||
| 500 | |a Název z disku | ||
| 500 | |a Podnázev na pouzdru: ze světa Jaroslava Foglara | ||
| 500 | |a Vydalo nakladatelství Albatros ve společnosti Albatros Media a.s. | ||
| 500 | |a Nezkrácená audiokniha ve formátu MP3 | ||
| 508 | |a Režie, Alexandra Bauerová | ||
| 511 | 0 | |a Čte Robert Mikluš | |
| 518 | |o Nahráno |d 2025 |p studio MIXING.TODAY | ||
| 655 | 7 | |a české romány |7 fd133974 |2 czenas | |
| 655 | 7 | |a dobrodružné romány |7 fd132061 |2 czenas | |
| 655 | 7 | |a zvukové záznamy pro děti a mládež |7 fd186726 |2 czenas | |
| 655 | 7 | |a audioknihy |7 fd119452 |2 czenas | |
| 655 | 7 | |a kompaktní disky |7 fd201991 |2 czenas | |
| 655 | 9 | |a Czech fiction |2 eczenas | |
| 655 | 9 | |a adventure novels |2 eczenas | |
| 655 | 9 | |a juvenile sound recordings |2 eczenas | |
| 655 | 9 | |a audiobooks |2 eczenas | |
| 655 | 9 | |a compact discs |2 eczenas | |
| 700 | 1 | |a Bauerová, Alexandra |7 ola2014823513 |4 drt | |
| 700 | 1 | |a Mikluš, Robert, |d 1982- |7 mzk2016922613 |4 nrt | |
| 900 | |a ABA001 |b 19 | ||
| 044 | |a xr | ||
| 505 | 0 | 0 | |t 01_Tajemny starec (16 min., 30 sek.) |
| 505 | 0 | 0 | |t 02_Bartolomej (4 min., 17 sek.) |
| 505 | 0 | 0 | |t 03_V cele (7 min., 2 sek.) |
| 505 | 0 | 0 | |t 04_Prvni rano (9 min., 39 sek.) |
| 505 | 0 | 0 | |t 05_Prace (5 min., 46 sek.) |
| 505 | 0 | 0 | |t 06_Bert (5 min., 30 sek.) |
| 505 | 0 | 0 | |t 07_Rvacka (9 min., 55 sek.) |
| 505 | 0 | 0 | |t 08_Vracy (6 min., 31 sek.) |
| 505 | 0 | 0 | |t 09_V zahrade (8 min., 26 sek.) |
| 505 | 0 | 0 | |t 10_Konci podzim, je zima a pak jaro (10 min., 33 sek.) |
| 505 | 0 | 0 | |t 11_Vacek (5 min., 32 sek.) |
| 505 | 0 | 0 | |t 12_Rozhovor v kobce (9 min., 57 sek.) |
| 505 | 0 | 0 | |t 13_Nabidka (5 min., 49 sek.) |
| 505 | 0 | 0 | |t 14_Rozlucka (3 min., 54 sek.) |
| 505 | 0 | 0 | |t 15_Odhaleni (6 min., 14 sek.) |
| 505 | 0 | 0 | |t 16_Trest (8 min., 49 sek.) |
| 505 | 0 | 0 | |t 17_Horecka (7 min., 16 sek.) |
| 505 | 0 | 0 | |t 18_Mastickar (7 min., 44 sek.) |
| 505 | 0 | 0 | |t 19_Hroznys (7 min., 54 sek.) |
| 505 | 0 | 0 | |t 20_Nocni navsteva (10 min., 22 sek.) |
| 505 | 0 | 0 | |t 21_Nemocnice (6 min., 6 sek.) |
| 505 | 0 | 0 | |t 22_Pomeranc (12 min., 1 sek.) |
| 505 | 0 | 0 | |t 23_Kronika (16 min., 49 sek.) |
| 505 | 0 | 0 | |t 24_Sokujici zjisteni (6 min., 35 sek.) |
| 505 | 0 | 0 | |t 25_Domu! Domu? (5 min., 48 sek.) |
| 505 | 0 | 0 | |t 26_Zpatky v sirotcinci (6 min., 50 sek.) |
| 505 | 0 | 0 | |t 27_Robinson a Patek (3 min., 47 sek.) |
| 505 | 0 | 0 | |t 28_Ctyri klice (9 min., 20 sek.) |
| 505 | 0 | 0 | |t 29_K zahrade (5 min., 16 sek.) |
| 505 | 0 | 0 | |t 30_Tajemny strom (6 min., 28 sek.) |
| 505 | 0 | 0 | |t 31_Kde jsou (6 min., 28 sek.) |
| 505 | 0 | 0 | |t 32_Za zeleznymi dvirky (5 min., 0 sek.) |
| 505 | 0 | 0 | |t 33_Ve starych kronikach (6 min., 19 sek.) |
| 505 | 0 | 0 | |t 34_Chudak Bert (5 min., 23 sek.) |
| 505 | 0 | 0 | |t 35_Konikar vzpomina (8 min., 47 sek.) |
| 505 | 0 | 0 | |t 36_Jako malomocny (10 min., 55 sek.) |
| 505 | 0 | 0 | |t 37_Nocni probuzeni (4 min., 48 sek.) |
| 505 | 0 | 0 | |t 38_Do lvi jamy (5 min., 26 sek.) |
| 505 | 0 | 0 | |t 39_Lapeni (4 min., 10 sek.) |
| 505 | 0 | 0 | |t 40_Temnotou (6 min., 5 sek.) |
| 505 | 0 | 0 | |t 41_Vez (8 min., 32 sek.) |
| 505 | 0 | 0 | |t 42_Nebezpecny vystup (11 min., 24 sek.) |
| 505 | 0 | 0 | |t 43_Ticha hruza (7 min., 5 sek.) |
| 505 | 0 | 0 | |t 44_Podivny rozhovor (6 min., 39 sek.) |
| 505 | 0 | 0 | |t 45_Zvlastni sifra (9 min., 27 sek.) |
| 505 | 0 | 0 | |t 46_Oko za oko (7 min., 24 sek.) |
| 505 | 0 | 0 | |t 47_Neni tim, cim se zda byt (5 min., 40 sek.) |
| 505 | 0 | 0 | |t 48_Jako svatyne (6 min., 2 sek.) |
| 505 | 0 | 0 | |t 49_Zakalene rano (5 min., 22 sek.) |
| 505 | 0 | 0 | |t 50_Turris (6 min., 5 sek.) |
| 505 | 0 | 0 | |t 51_Na nakupech (4 min., 4 sek.) |
| 505 | 0 | 0 | |t 52_U Jakuba (6 min., 13 sek.) |
| 505 | 0 | 0 | |t 53_Musime pro zebrik (6 min., 5 sek.) |
| 505 | 0 | 0 | |t 54_Trhac (5 min., 0 sek.) |
| 505 | 0 | 0 | |t 55_Vontuv zebrik (6 min., 51 sek.) |
| 505 | 0 | 0 | |t 56_Rozklaz je rozklaz (7 min., 0 sek.) |
| 505 | 0 | 0 | |t 57_Vyprava do temnot (6 min., 27 sek.) |
| 505 | 0 | 0 | |t 58_Past na mysi (7 min., 24 sek.) |
| 505 | 0 | 0 | |t 59_Ne (7 min., 12 sek.) |
| 505 | 0 | 0 | |t 60_Boj o zivot (5 min., 26 sek.) |
| 505 | 0 | 0 | |t 61_Skok do tmy (9 min., 58 sek.) |
| 505 | 0 | 0 | |t 62_Pryc odtud! (5 min., 48 sek.) |
| 505 | 0 | 0 | |t 63_Kalne rano (8 min., 12 sek.) |
| 505 | 0 | 0 | |t 64_Cesty se rozdeluji (8 min., 38 sek.) |
| 505 | 0 | 0 | |t 65_Naslepo (3 min., 35 sek.) |
| 505 | 0 | 0 | |t 66_Ve svatem Jakubovi (5 min., 48 sek.) |
| 505 | 0 | 0 | |t 67_Davne plany (5 min., 54 sek.) |
| 505 | 0 | 0 | |t 68_Setkani v temnote (17 min., 59 sek.) |
| 505 | 0 | 0 | |t 69_Kronika Vontu (2 min., 53 sek.) |
| 910 | |a RBIT002 | ||
| 998 | |d 422372 |a https://core.palmknihy.cz/api/books/422372/cover?t2gmti |b https://core.palmknihy.cz/api/books/422372/cover/400?t2gmti |c https://core.palmknihy.cz/api/books/422372/cover/50?t2gmti |e 2026-12-31 |i 9788000079486 |l 30300 |q 49 |r 1 |s https://www.palmknihy.cz/kniha/422372 |t audiobook |y 2025 |z 0 | ||
| 999 | |d 313475 | ||